000 01248cam a2200289 a 4500
003 EG-GiCUC
005 20250223030333.0
008 110109s1996 ua do f m 000 0 eng d
040 _aEG-GiCUC
_beng
_cEG-GiCUC
041 0 _aeng
049 _aDeposite
097 _aM.Sc
099 _aCai01.12.15.M.Sc.1996.Mo.G
100 0 _aMohammed Galal Hussein Ibrahim Elfekry
245 1 0 _aGeochemical and mineralogical studies of Umm Elguruf area :
_bNorth Eastern Desert , Egypt /
_cMohammed Galal Hussein Ibrahim Elfekry ; Supervised Mohammed A. Elsharkawy , Mohammed Y. Attawiya , Adel A. Sorour
246 1 5 _aدراسات جيوكيميائية ومعدنية لمنطقة ام الجروف شمال الصحراء الشرقية مصر
260 _aCairo :
_bMohammed Galal Hussein Ibrahim Elfekry ,
_c1996
300 _a222Leaves :
_bcharts , photographs ;
_c30cm
502 _aThesis (M.Sc.) - Cairo University - Faculty of Science - Department of Geology
700 0 _aAdel A. Sorour ,
_eSupervisor
700 0 _aMohammed A. Elsharkawy ,
_eSupervisor
700 0 _aMohammed Y. A ttawiya ,
_eSupervisor
856 _uhttp://172.23.153.220/th.pdf
905 _aFatma
_eCataloger
905 _aNazla
_eRevisor
942 _2ddc
_cTH
999 _c32554
_d32554